Normal view MARC view
  • Commonwealth and international library of science, technology, engineering, and liberal studies.

Entry Uniform Title

Number of records used in: 4

001 - CONTROL NUMBER

  • control field: 2037

003 - CONTROL NUMBER IDENTIFIER

  • control field: NUST

005 - DATE AND TIME OF LATEST TRANSACTION

  • control field: 20170606115003.0

008 - FIXED-LENGTH DATA ELEMENTS

  • fixed length control field: 170606|| aca||aabn | a|a d

040 ## - CATALOGING SOURCE

  • Original cataloging agency: NUST
  • Transcribing agency: NUST

130 ## - HEADING--UNIFORM TITLE

  • Uniform title: Commonwealth and international library of science, technology, engineering, and liberal studies.
  • Name of part/section of a work: Course in organic chemistry, advanced section ;
  • Form subdivision: v. 27.

670 ## - SOURCE DATA FOUND

  • Source citation: Work cat.: (NUST)0: Rahman,Atta-ur. 2035, Indole alkaloids;, 1998
© 2023 Central Library, National University of Sciences and Technology. All Rights Reserved.